00386nam a2200145Ia 4500003000400000005001700004008004100021040000900062082001900071100002900090245005300119260004500172300000900217650001400226OSt20201214113431.0190216s9999||||xx |||||||||||||| ||und|| coclc a894.812bRAD/A aRadhakrishnan, Kunnathur 0aArivukal Albhuthangal /cKunnathur Radhakrishnan bPoorna Publications, aKozhikode:c1995. a122p aMalayalam